000 004430000a22001690004500
003 MACL
005 20160107160401.0
008 160107b xxu||||| |||| 00| 0 eng d
040 _aMACL
_cMACL
041 _aEnglish
082 _a900/ANA
100 _aAnand, Mulk Raj
_97427
245 _aIs There a Contemporary Indian Civilisation
260 _bAsia Publishing House
_aLondon
_c1963
650 _aHistory
_929334
942 _cBK
_k900/ANA
_2ddc
999 _c35695
_d35695